Anales de la Abogaca̕ General del Estado

Detalles Bibliográficos
Autor Corporativo: Boletn̕ Oficial del Estado (Espaą)
Formato: Desconocido
Lenguaje:español
Publicado: [Madrid] : BOE
Materias:
Acceso en línea:Acceso restringido

MARC

LEADER 00000ny a22000003n 4500
005 2011050901041.0
008 080714n sp ar s 000 a0spa c
022 |a 1134-5047 
035 |a 1800 
040 |a UMA.RE  |d vlex 
080 |a 347.965(460)(0.034) 
090 |c 1437  |d 1437 
245 0 0 |a Anales de la Abogaca̕ General del Estado  |h [Recurso electrn̤ico] 
256 |a Servicio en ln̕ea 
260 |a [Madrid] :  |b BOE 
310 |a Anual 
500 |a Hay edicin̤ en CD-ROM 
506 1 |a Contenido solo disponible en los productos indicados  |d vLex Global  |d vLex Global (Academic Edition, excluding Law Schools)  |d vLex Global (U.S. Academic Edition, Law Schools)  |d vLex Global (U.S. Academic Edition, excluding Law Schools)  |d vLex Global (Academic Edition, Law Schools) 
610 2 4 |a Espaą.  |b Abogaca̕ General del Estado.  |b Direccin̤ del Servicio Jurd̕ico del Estado  |x Dictm̀enes  |v En ln̕ea 
650 0 7 |a Administrativo  |2 Tesauro vLex 
650 0 7 |a Abogados del Estado  |2 Tesauro vLex 
650 0 7 |2 Tesauro vLex  |a Nuevo recurso 
710 2 |a Boletn̕ Oficial del Estado (Espaą) 
740 0 |a vLex Revista (Servicios en ln̕ea) 
853 |8 1  |i (year)  |j (month)  |k (day) 
856 4 0 |u http://vlex.com/source/1800  |z Acceso restringido 
942 |c REV